00962nam a2200205 a 450000100100000000500170001000800410002702000150006804000250008308200150010811101000012324501670022326000410039030000210043149000790045250400730053170000360060470000370064083000790067700004102420201002034547.0130913s1985 sp 000 0 spa d a840006089X aDO-SdBNPbspacBNPHU axxxxbxxxx1 aJornadas de Andalucía y AméricacUniversidad de Santa María de la Rábidan(1984 marzo )10aAndalucía y América en el siglo XVIII :bactas de las IV jornadas de Andalucía y América /cedición Bibiano Torres Ramírez, José Hernández Palomo. aSevilla, España -- :bCSIC,c1985. a378 p. ;c25 cm.1 aPublicaciones de la escuela de estudios Hispano-Americanos de Sevillav314 aIncluye referencias bibliográficas y notas al pie de las páginas1 aTorres Ramírez, Bibiano,eed.1 aHernández Palomo, José,eed. 0aPublicaciones de la escuela de estudios Hispano-Americanos de Sevillan314